<?xml version="1.0" encoding="UTF-8"?><?xml-stylesheet type="text/xsl" href="static/style.xsl"?><OAI-PMH xmlns="http://www.openarchives.org/OAI/2.0/" xmlns:xsi="http://www.w3.org/2001/XMLSchema-instance" xsi:schemaLocation="http://www.openarchives.org/OAI/2.0/ http://www.openarchives.org/OAI/2.0/OAI-PMH.xsd"><responseDate>2026-06-01T10:18:19Z</responseDate><request verb="GetRecord" identifier="oai:riuma.uma.es:10630/40320" metadataPrefix="marc">https://riuma.uma.es/rest/oai/request</request><GetRecord><record><header><identifier>oai:riuma.uma.es:10630/40320</identifier><datestamp>2026-02-03T11:53:55Z</datestamp><setSpec>com_10630_2254</setSpec><setSpec>col_10630_37959</setSpec></header><metadata><record xmlns="http://www.loc.gov/MARC21/slim" xmlns:dcterms="http://purl.org/dc/terms/" xmlns:doc="http://www.lyncode.com/xoai" xmlns:xsi="http://www.w3.org/2001/XMLSchema-instance" xsi:schemaLocation="http://www.loc.gov/MARC21/slim http://www.loc.gov/standards/marcxml/schema/MARC21slim.xsd">
   <leader>00925njm 22002777a 4500</leader>
   <datafield ind2=" " ind1=" " tag="042">
      <subfield code="a">dc</subfield>
   </datafield>
   <datafield ind2=" " ind1=" " tag="720">
      <subfield code="a">Essounani-Mérida, Sofía</subfield>
      <subfield code="e">author</subfield>
   </datafield>
   <datafield ind2=" " ind1=" " tag="720">
      <subfield code="a">Peltzer, Diana</subfield>
      <subfield code="e">author</subfield>
   </datafield>
   <datafield ind2=" " ind1=" " tag="720">
      <subfield code="a">Molina-Ramírez, Sergio</subfield>
      <subfield code="e">author</subfield>
   </datafield>
   <datafield ind2=" " ind1=" " tag="720">
      <subfield code="a">Cortés-Reyes, Marina</subfield>
      <subfield code="e">author</subfield>
   </datafield>
   <datafield ind2=" " ind1=" " tag="720">
      <subfield code="a">Múnera, John</subfield>
      <subfield code="e">author</subfield>
   </datafield>
   <datafield ind2=" " ind1=" " tag="720">
      <subfield code="a">Herrera Delgado, Concepción</subfield>
      <subfield code="e">author</subfield>
   </datafield>
   <datafield ind2=" " ind1=" " tag="720">
      <subfield code="a">Larrubia-Vargas, María Ángeles</subfield>
      <subfield code="e">author</subfield>
   </datafield>
   <datafield ind2=" " ind1=" " tag="720">
      <subfield code="a">Alemany-Arrebola, Luis José</subfield>
      <subfield code="e">author</subfield>
   </datafield>
   <datafield ind2=" " ind1=" " tag="260">
      <subfield code="c">2024-09-23</subfield>
   </datafield>
   <datafield ind2=" " ind1=" " tag="520">
      <subfield code="a">Se sintetizaron catalízadores basados en NiBa para la captura y conversión cíclica de CO2 (CO2-SR technology). Fueron sintetizados por coprecipitación con ácido oxálico, incorporando un 3% p/p de ZrO2 como agente promotor de la superficie. Además, se incorporó un 10% molar de La en reemplazo de Ba. Las propiedades estructurales fueron comparadas con la de un catalizador de NiBa sintetizado por coprecipitación con NH4OH. En los catalizadores preparados con ácido oxálico se observó un óxido mixto tipo perovskita NiBaO3, ausente en el catalizador sintetizado con NH4OH. Las propiedades de captura fueron moderadas y la capacidad de regeneración aumentó con el agregado de La y Zr. Para estos catalizadores, la formación del óxido mixto estable NiBaO3 disminuiría la reducibilidad de los iones Ni y, por lo tanto, su capacidad catalítica en el reformado de CH4. Sin embargo, la incorporación de La podría modificar el entorno químico y aumentar la capacidad redox de los iones Ni. Estos resultados contribuyen a un mayor conocimiento de los sistemas catalíticos Ni-Ba, permitiendo el desarrollo de nuevas estrategias de síntesis y análisis de variables, con el fin de obtener catalizadores activos, selectivos y estables para la captura y conversión cíclica de CO2.</subfield>
   </datafield>
   <datafield ind1="8" ind2=" " tag="024">
      <subfield code="a">https://hdl.handle.net/10630/40320</subfield>
   </datafield>
   <datafield tag="653" ind2=" " ind1=" ">
      <subfield code="a">Catálisis</subfield>
   </datafield>
   <datafield tag="653" ind2=" " ind1=" ">
      <subfield code="a">Carbono - Fijación</subfield>
   </datafield>
   <datafield tag="653" ind2=" " ind1=" ">
      <subfield code="a">Dióxido de carbono</subfield>
   </datafield>
   <datafield ind2="0" ind1="0" tag="245">
      <subfield code="a">Captura de CO2 y regeneración cíclica in situ: análisis de precursores y variables de síntesis.</subfield>
   </datafield>
</record>
</metadata></record></GetRecord></OAI-PMH>